[Event "USA-ch Women 2020"]
[Site "Saint Louis"]
[Date "2020.10.23"]
[Round "7.6"]
[White "Krush, Irina"]
[Black "Wang, Annie"]
[Result "1/2-1/2"]
[WhiteElo "2429"]
[BlackElo "2384"]
[Annotator "TA"]
[PlyCount "95"]
[EventDate "2020.10.21"]
[EventType "tourn"]
[EventCountry "USA"]
[SourceTitle "playchess.com"]
[Source "ChessBase"]
[SourceQuality "1"]

{[%evp 18,95,35,30,34,34,49,47,54,34,52,39,39,44,75,81,77,84,97,76,146,75,70,68,88,65,76,76,119,109,105,93,127,124,151,160,166,115,121,128,118,72,93,95,97,100,127,123,131,103,159,153,451,438,1037,928,789,458,445,424,1885,440,1720,425,537,416,327,134,133,0,0,0,0,0,0,0,0,0,0,0]} 1. c4 e6 2. Nc3 d5 3. d4 Be7 4. cxd5 exd5 5. Bf4 Nf6 6. e3 O-O 7. Bd3 c6 8. h3 Nbd7 9. Nf3 Re8 10. O-O Nf8 {D35: Queen's Gambit Declined: Exchange Variation.} 11. Rb1 Be6 {[#]} 12. b4 $146 ({Predecessor:} 12. Qc2 Rc8 13. b4 N6d7 14. Na4 b5 15. Nc5 Nxc5 16. dxc5 a5 17. a3 Ra8 18. Rfd1 axb4 19. axb4 {1-0 (36) Hoang,T (2465)-Ankhchimeg,B (2174) Manila 2001}) 12... a6 {White is slightly better.} 13. Na4 Bd6 14. Bxd6 Qxd6 15. Nc5 Rab8 16. a4 N8d7 17. Qc2 h6 18. Rfc1 Rec8 ({Better is} 18... Qe7) 19. Qd2 (19. Nxb7 $142 $1 Rxb7 20. Bxa6) 19... Qe7 20. Ne5 Ne8 21. Qc2 {Threatens to win with Bh7+.} Nd6 22. f4 {Hoping for f5.} f5 23. Ncxd7 Bxd7 24. Kh2 Ne4 25. Bxe4 dxe4 26. Qc5 Qe8 27. Nc4 (27. g4 $18) 27... Qe6 28. Nb6 Rd8 29. Nxd7 Rxd7 30. b5 axb5 31. axb5 cxb5 32. Rxb5 Rf8 33. Rcb1 Qf7 (33... Qe7 $142 34. Qxe7 Rxe7) 34. Qa7 $16 Rc8 $2 (34... b6 $16 {was necessary.} 35. Qxb6 Kh7) 35. Rxb7 $18 Rcc7 (35... Rcd8 $142 36. Rxd7 Rxd7 37. Rb8+ Kh7) 36. Qa8+ Kh7 37. Rxc7 Rxc7 {[%mdl 4096] Endgame [#] KQR-KQR} 38. Rb8 $1 Rc3 (38... Qe6 $142 39. Rh8+ Kg6) 39. Rf8 (39. g4 $142 Rc2+ 40. Kg3) 39... Qe6 (39... Qd7 $142 40. g4 Qb5 41. Rh8+ Kg6 42. gxf5+ Kh5) 40. Rh8+ (40. Qd8 $142) 40... Kg6 41. Re8 Qc6 {intending ...Qxa8.} 42. Qxc6+ (42. Qb8 $18 {is more deadly.} Qd7 43. Qe5) 42... Rxc6 {[#] KR-KR} 43. Kg3 (43. g4 $1 $16) 43... Rc3 $11 {The position is equal.} 44. Kf2 Rc2+ 45. Kf1 {And now g4 would win.} Rc3 46. Kf2 Rc2+ 47. Kg3 Rc3 48. Kf2 {Black escapes into a draw. Av CentiPawn Loss W=-84/B=-88. Weighted=-98/-62} 1/2-1/2

[Event "USA-ch Women 2020"]
[Site "Saint Louis"]
[Date "2020.10.23"]
[Round "8.1"]
[White "Cervantes Landeiro, Thalia"]
[Black "Wang, Annie"]
[Result "0-1"]
[WhiteElo "2311"]
[BlackElo "2384"]
[Annotator "TA"]
[PlyCount "90"]
[EventDate "2020.10.21"]
[EventType "tourn"]
[EventCountry "USA"]
[SourceTitle "playchess.com"]
[Source "ChessBase"]
[SourceQuality "1"]

{[%evp 14,90,16,27,34,24,31,36,37,25,45,-16,81,72,77,43,25,10,10,-102,-96,-82,-50,-60,-60,-68,-31,-50,-37,-20,-48,-32,-40,-25,0,0,0,0,0,-12,0,0,0,0,0,0,0,0,0,0,0,0,27,27,27,30,35,0,41,-27,-24,-43,-22,-37,0,-200,-189,-192,-179,-164,-151,-206,-196,-238,-227,-616,-556,-29977,-29978]} 1. d4 Nf6 2. c4 e6 3. Nf3 d5 4. Nc3 Bb4 5. Bg5 h6 6. Bxf6 Qxf6 7. Qa4+ Nc6 8. e3 O-O {D38: Queen's Gambit Declined: Ragozin Defence (4 Nf3 Bb4).} 9. Rc1 Bd7 10. cxd5 exd5 {White is slightly better.} 11. Qb3 Rfe8 {[#]} 12. a3 $146 (12. Be2 $14) ({Predecessor:} 12. Be2 Qg6 13. O-O Bh3 14. Ne1 Rad8 15. Kh1 Bf5 16. Bf3 Be6 17. Ne2 Bd6 18. Nd3 {0-1 (39) Bonin,J (2352)-Batchimeg,T (2229) Philadelphia 2007}) 12... Bd6 (12... Bxc3+ $1 $11 13. Qxc3 Bg4) 13. Nxd5 Qe6 14. Qa2 Qg4 15. Be2 Qg6 16. Kf1 (16. O-O $11 {keeps the balance.}) 16... Be6 $17 17. b4 Bxb4 18. Nf4 {And now d5 would win.} Bxa2 19. Nxg6 Bxa3 20. Ra1 Nb4 21. Nge5 {Threatens to win with Nd3.} Bb2 {[#]} 22. Rxa2 $1 {[%mdl 576] Remove Defender} Nxa2 23. Bc4 $1 {[%csl LRa2,LRf7][%mdl 64] Double Attack} Nc3 24. Bxf7+ {[%mdl 64] Double Attack} Kf8 25. Bxe8 Kxe8 26. Ke1 a5 27. Kd2 {Black should prevent Kc2.} Ne4+ 28. Kc2 Ba3 29. Rb1 b6 30. Nd3 Bd6 31. Nh4 a4 32. f3 Nf6 33. Nf5 Bf8 34. e4 a3 35. Ne3 c6 36. Nc1 (36. Kb3 $14) 36... b5 ({Of course not} 36... a2 $6 37. Ra1 $16) 37. Na2 Ra4 38. d5 Kd7 39. e5 $2 (39. dxc6+ $11 Kxc6 40. Nc3) 39... Nxd5 $19 40. Nxd5 cxd5 41. Rxb5 {KRB-KRN} Ke6 42. Kb3 (42. Rb8 $17 {was worth a try.} Bc5 43. Re8+ Kf5 44. h3) 42... Rd4 {aiming for ...Rd2.} 43. Rb8 {[#]} Be7 $1 44. Rb7 $2 (44. Kc2) 44... Rd2 {White must now prevent ...Rb2+.} 45. g4 Rb2+ {Av CentiPawn Loss W=-56/B=-12. Weighted=-76/-14} 0-1

[Event "USA-ch Women 2020"]
[Site "Saint Louis"]
[Date "2020.10.23"]
[Round "8.2"]
[White "Derakhshani, Dorsa"]
[Black "Krush, Irina"]
[Result "1/2-1/2"]
[WhiteElo "2270"]
[BlackElo "2429"]
[Annotator "TA"]
[PlyCount "43"]
[EventDate "2020.10.21"]
[EventType "tourn"]
[EventCountry "USA"]
[SourceTitle "playchess.com"]
[Source "ChessBase"]
[SourceQuality "1"]

{[%evp 11,43,39,36,25,45,29,43,18,43,30,22,8,5,31,10,5,29,33,32,10,43,28,59,59,74,0,0,0,0,0,0,0,0,0]} 1. e4 c5 2. Nf3 d6 3. d4 cxd4 4. Nxd4 Nf6 5. Nc3 Bd7 6. Bg5 e6 7. Qd3 {B56: Classical Sicilian: Unusual Lines.} a6 8. O-O-O Be7 {[#]} 9. h4 $146 {White is slightly better.} ({Predecessor:} 9. f4 h6 10. Bh4 Nc6 11. Nf3 Qc7 12. Bxf6 gxf6 13. Kb1 b5 14. Qd2 b4 15. Ne2 {½-½ (27) Gutierrez Dopino,J (2194)-Dreisch,J (1996) ICCF email 2017}) 9... Nc6 10. Nxc6 (10. Nb3 {with more complications.} b5 11. a3 Qc7 12. Bxf6 gxf6 13. Qg3) 10... Bxc6 11. Qg3 Nxe4 12. Nxe4 Bxe4 13. Bxe7 Qxe7 (13... Kxe7 {feels hotter.} 14. h5 Bc6 15. Kb1 Rg8 16. Bd3 h6) 14. Qxg7 O-O-O 15. Qd4 Bc6 16. Qa7 Qc7 17. Rh3 Rhg8 18. Rd4 (18. Rc3 $16) 18... Qb8 $11 {The position is equal.} 19. Qb6 Qc7 20. Qa7 Qb8 21. Qb6 Qc7 22. Qa7 {Av CentiPawn Loss W=-10/B=-8. Weighted=-12/-10} 1/2-1/2

[Event "USA-ch Women 2020"]
[Site "Saint Louis"]
[Date "2020.10.23"]
[Round "8.4"]
[White "Foisor, Sabina-Francesca"]
[Black "Yu, Jennifer"]
[Result "0-1"]
[WhiteElo "2228"]
[BlackElo "2315"]
[Annotator "TA"]
[PlyCount "120"]
[EventDate "2020.10.21"]
[EventType "tourn"]
[EventCountry "USA"]
[SourceTitle "playchess.com"]
[Source "ChessBase"]
[SourceQuality "1"]

{[%evp 9,120,0,0,0,0,3,0,-8,10,0,8,0,0,-14,22,6,25,15,16,30,27,0,0,0,0,-7,0,0,0,0,4,3,3,0,0,0,0,0,0,0,0,0,0,0,0,0,0,0,2,0,0,0,0,-8,-8,-42,-24,-32,-42,-141,-143,-143,-134,-190,-171,-293,-292,-292,-244,-483,-479,-476,-392,-390,-204,-390,-289,-246,-134,-1174,-1200,-4943,-4133,-2265,-1939,-29959,-1161,-5543,-1104,-1102,-1065,-1096,-1010,-897,-556,-865,-1029,-968,-866,-29978,-29979,-29979,-29980,-29980,-29981,-29978,-29980,-29979,-29980,-29981,-29982,-29982,-29983]} 1. d4 d5 2. Bf4 c5 3. e3 Nc6 4. Nf3 Nf6 5. Nbd2 Qb6 {[%cal Rc5d4]} 6. dxc5 {D02: 1 d4 d5 2 Nf3 sidelines, including 2...Nf6 3 g3 and 2...Nf6 3 Bf4.} Qxb2 7. Rb1 Qc3 8. Bb5 {The position is equal.} g6 9. O-O Bg7 10. Ne5 Qxc5 11. c4 {[#] Nb3 is the strong threat.} dxc4 12. Qa4 {Threatens to win with Rfc1.} O-O 13. Nxc6 bxc6 14. Bxc6 Bf5 {[#]} 15. Bxa8 $146 {aiming for Rb5.} (15. Rbc1 {keeps more tension.} Bd3 16. Bxa8 Bxf1 17. Nxf1 Rxa8 18. Rxc4 Qf5 19. Rc7) ({Predecessor:} 15. e4 Rac8 16. Bb7 Bd7 17. Qa6 Rcd8 18. Nxc4 Nh5 19. Be3 Bd4 20. Rfc1 Bxe3 21. Nxe3 {1-0 (49) Tristan,L (2456)-Villanueva,M (2481) Buenos Aires 2018}) 15... Bxb1 16. Rxb1 {Black must now prevent Rb5.} Rxa8 17. Qxc4 Qxc4 18. Nxc4 Rc8 19. Rb8 Rxb8 20. Bxb8 $11 {[%mdl 4096] Endgame KBN-KBN} a6 21. f3 Nd5 22. Kf2 Kf8 23. a3 Ke8 24. Ke2 Kd7 25. Kd3 Kc6 26. Be5 f6 27. Bg3 e5 28. e4 Nc7 29. Bf2 Bf8 30. a4 Ne6 31. g3 Bc5 32. Na5+ Kc7 33. Be1 $1 Bg1 34. h4 (34. Nb3 $1 $15) 34... Nc5+ $17 35. Kc4 Nxa4 36. Kd5 {[#]} (36. Nb3 $17) 36... Kd7 $1 $19 {[%cal Ra4b6]} 37. Nc4 (37. Kc4 {is the only way for White.}) 37... Nb6+ 38. Nxb6+ Bxb6 {KB-KB} 39. f4 $2 (39. g4 {might work better.}) 39... exf4 40. gxf4 a5 {[%cal Ba6a5,Ba5a4,Ba4a3][%mdl 32]} 41. Bc3 Ke7 (41... Bd8 $142 42. f5 a4) 42. Kc6 $2 (42. f5 {was the only chance.}) 42... Bd8 43. f5 Kf7 (43... Ke8 $19 44. Kd6 Kf7) 44. Bd4 $2 {[%mdl 8192] This move loses the game for White.} (44. fxg6+ $17 hxg6 45. Kd7) 44... a4 45. Bc5 Be7 46. Bd4 a3 47. Kb5 Bd6 (47... gxf5 $142 48. Kc4 fxe4 49. Kb3 f5 50. Be3 Bxh4 51. Bc1 h5 52. Bxa3 Bg3 53. Kc3 f4 54. Bd6 h4 55. Ba3 h3 56. Bc5 h2 57. Ba3 h1=Q 58. Kb4 e3 59. Kc4 Qc6+ 60. Kd4 f3 61. Kxe3 Qc3+ 62. Ke4 f2 63. Bb4 Qc4+ 64. Kf3 Qf4+ 65. Kg2 f1=Q#) 48. Ka4 Kg7 (48... gxf5 $142 49. exf5 a2) 49. Kb3 Be7 50. Be3 Kf7 51. Bc1 Ke8 52. Bf4 Kd7 53. fxg6 hxg6 54. e5 f5 {Black mates.} 55. Bg3 Ke6 56. Ka2 Kd5 57. Kb3 Ke4 58. Be1 Kxe5 59. Bc3+ Ke4 60. Be1 f4 {Av CentiPawn Loss W=-75/B=-75. Weighted=-110/-62} 0-1

[Event "USA-ch Women 2020"]
[Site "Saint Louis"]
[Date "2020.10.23"]
[Round "8.5"]
[White "Nguyen, Emily"]
[Black "Yip, Carissa"]
[Result "0-1"]
[WhiteElo "2280"]
[BlackElo "2421"]
[Annotator "TA"]
[PlyCount "86"]
[EventDate "2020.10.21"]
[EventType "tourn"]
[EventCountry "USA"]
[SourceTitle "playchess.com"]
[Source "ChessBase"]
[SourceQuality "1"]

{[%evp 21,86,20,39,18,32,21,32,37,26,-33,-12,-4,-9,-89,-58,-71,0,0,0,-21,42,-28,-17,-76,-83,-145,-145,-280,-267,-268,-269,-278,-206,-273,-271,-376,-372,-400,-284,-469,-463,-428,-423,-507,-507,-507,-507,-507,-501,-477,-475,-507,-462,-548,-480,-534,-492,-551,-551,-545,-543,-543,-529,-656,-493,-784,-776]} 1. d4 g6 2. c4 Nf6 3. Nc3 Bg7 4. Nf3 O-O 5. g3 d5 6. cxd5 Nxd5 7. Bg2 c5 8. O-O cxd4 9. Nxd4 Nxc3 10. bxc3 a6 11. Qb3 Qc7 12. Rb1 {[%cal Rg2b7] D75: Fianchetto Grünfeld: Main Line with 7...c5.} Nd7 13. Ba3 ({Wrong is} 13. Bxb7 $2 Rb8 $19) 13... Ne5 {[#]} 14. Rfc1 $146 {White is slightly better.} ({Predecessor:} 14. Qb4 Re8 15. Rfd1 Nd7 16. c4 e5 17. Nc2 e4 18. Ne3 Nf6 19. Nd5 Nxd5 20. cxd5 {½-½ (94) Gabuzyan,H (2540)-Grigoryan,K (2550) Yerevan 2013}) 14... Rd8 15. Nf3 (15. e3 $11) 15... Rb8 16. Nxe5 Qxe5 17. Qb4 (17. c4 $11 {keeps the balance.}) 17... Be6 18. Qe4 Qa5 ({Better is} 18... Qxe4 $17 19. Bxe4 Rd2) 19. Bxe7 $11 Rd7 20. Qb4 Qxa2 (20... Qe5 $11) 21. Rb2 (21. Bc6 $1 $14 Rc7 22. Qd6) 21... Qc4 22. Bc5 (22. Qxc4 $11 Bxc4 23. Bc5) 22... Qxb4 $17 {Black converts the advantage convincingly.} 23. Rxb4 (23. Bxb4 $142 Rc8 24. h4) 23... Rc8 $36 {[%mdl 2048] Black is really pushing.} 24. Be3 (24. Bb6 $17 {is the only way for White.}) 24... Rxc3 $19 25. Rcb1 b5 26. Be4 Rc4 27. Rxc4 Bxc4 ({Worse is} 27... bxc4 28. Rb8+ Bf8 29. Bh6 Rd1+ 30. Kg2 Rg1+ 31. Kxg1 Bc8 32. Rxc8 Kh8 33. Rxf8#) 28. Bf3 h5 29. Bb6 Rd2 30. Kf1 $2 {[#]} (30. e3) 30... Ra2 {Black is clearly winning.} 31. Bc5 a5 32. Kg2 b4 33. Bxb4 axb4 34. Rxb4 Bxe2 35. Rb8+ Kh7 36. Bd5 Ra7 37. h4 Rc7 38. Re8 Bc4 39. Bxc4 Rxc4 40. Re7 Kg8 41. Re8+ {[#]} Bf8 $1 42. Ra8 Kg7 43. Ra7 (43. Ra2 $142) 43... Rc2 {Av CentiPawn Loss W=-49/B=-23. Weighted=-50/-25} 0-1

[Event "USA-ch Women 2020"]
[Site "Saint Louis"]
[Date "2020.10.23"]
[Round "8.6"]
[White "Eswaran, Ashritha"]
[Black "Zatonskih, Anna"]
[Result "1-0"]
[WhiteElo "2244"]
[BlackElo "2420"]
[Annotator "TA"]
[PlyCount "47"]
[EventDate "2020.10.21"]
[EventType "tourn"]
[EventCountry "USA"]
[SourceTitle "playchess.com"]
[Source "ChessBase"]
[SourceQuality "1"]

{[%evp 14,47,32,37,78,77,80,82,174,85,93,89,87,83,66,17,86,55,67,60,86,68,96,104,318,296,362,366,29995,417,391,392,4970,4970,1386,1333]} 1. e4 e5 2. Nf3 Nf6 3. Nxe5 d6 4. Nf3 Nxe4 5. d4 d5 6. Bd3 Nc6 7. O-O Bg4 8. c4 $1 {aiming for cxd5. The main line 8.c4 scores better than 8.Re1.} Bxf3 {C42: Petroff Defence: 3 Nxe5 and unusual White 3rd moves.} 9. Qxf3 {cxd5 is the strong threat.} Nxd4 10. Qe3 $1 Nf5 (10... Bc5 $16) 11. Qf4 (11. Qe1 $1 $18 {Hoping for cxd5.} Ne7 12. cxd5 (12. Bxe4 dxe4 13. Qxe4 Qd7 $16)) 11... Nfd6 12. cxd5 Nf6 13. Re1+ Be7 {[#]} 14. Nc3 $146 ({Predecessor:} 14. Qe5 Qd7 15. Nc3 O-O 16. Qg3 Rfe8 17. Bg5 Rad8 18. h3 Kh8 19. Re2 h6 20. Qh4 {1-0 (57) Macieja,B (2653)-Vasilevich,T (2393) playchess.com INT 2004}) 14... Qd7 (14... O-O $11 {remains equal.}) 15. Be3 O-O 16. Bd4 $36 {[%mdl 2048] White fights for an advantage.} Rae8 17. h3 ({Much weaker is} 17. Bxa7 $6 b6 $11) 17... a6 18. Re3 {Strongly threatening Rg3.} Nb5 $2 {Loses the game.} (18... Nh5 $16 19. Qf3 Nf6) 19. Nxb5 axb5 {[#]} 20. Rg3 $1 {[%mdl 512] Rxg7+! would kill now.} Qd8 $2 {[#]} (20... g6 $18 21. Bxf6 Bxf6) 21. Qh6 (21. Rxg7+ $142 $1 {[%mdl 512]} Kxg7 22. Qg5+ Kh8 23. Qh6 $1 {[%mdl 512]} Kg8 24. Bxf6 Bxf6 25. Qxh7#) 21... g6 $18 {[#]} 22. Rg5 $1 c5 $2 (22... Qd6 23. h4 c5) 23. Bxf6 Bxf6 {[#]} 24. Rh5 $1 {[%mdl 512] Av CentiPawn Loss W=-78/B=66. Weighted=-36/-191} 1-0

[Event "USA-ch Women 2020"]
[Site "Saint Louis"]
[Date "2020.10.23"]
[Round "9.2"]
[White "Yip, Carissa"]
[Black "Eswaran, Ashritha"]
[Result "0-1"]
[WhiteElo "2421"]
[BlackElo "2244"]
[Annotator "TA"]
[PlyCount "100"]
[EventDate "2020.10.21"]
[EventType "tourn"]
[EventCountry "USA"]
[SourceTitle "playchess.com"]
[Source "ChessBase"]
[SourceQuality "1"]

{[%evp 14,100,33,27,33,25,37,27,43,39,45,34,51,46,41,10,50,-25,-31,-18,-7,-27,-20,-20,-22,-31,-27,-33,-35,-56,-51,-56,-58,-63,-64,-68,-35,-71,-64,-90,-40,-68,-50,-333,-343,-333,-344,-429,-425,-544,-538,-866,-833,-733,-631,-617,-514,-516,-500,-500,0,0,0,-445,0,-402,-255,-269,-258,-422,-427,-493,-498,-451,-276,-312,-307,-781,-750,-1497,-1351,-1541,-1780,-5106,-4902,-29989,-29990,-29990,-29991]} 1. e4 c6 2. d4 d5 3. Nd2 dxe4 4. Nxe4 Nf6 5. Nxf6+ exf6 6. c3 Bd6 7. Bd3 O-O 8. Qc2 Re8+ {B15: Caro-Kann: 3 Nc3: 3...g6 and 3...dxe4 4 Nxe4 Nf6 5 Nxf6+ exf6.} 9. Ne2 h5 10. Be3 Be6 {White has an edge.} 11. Ng3 h4 {[#]} 12. Ne4 $146 ({Predecessor:} 12. Nf5 Bxf5 13. Bxf5 Bf4 14. O-O-O Bxe3+ 15. fxe3 Qd5 16. Kb1 Rxe3 17. Qf2 Re8 18. g3 {0-1 (47) Eugene,F (2294)-Laurent Paoli,P (2352) Hyeres 2019}) 12... Bc7 13. O-O-O Nd7 14. c4 Nf8 15. Nc5 (15. Kb1 $14) 15... Bg4 $11 16. Rde1 b6 $36 {[%mdl 2048] Black has the initiative.} 17. h3 {[#] Threatens to win with Nb7.} Bh5 18. Na6 Bg6 19. Bxg6 Nxg6 20. Nxc7 Qxc7 21. Bd2 Qd7 22. Be3 b5 23. Rhg1 bxc4 24. Qxc4 Qf5 25. g3 Re4 26. Qc2 Qe6 {And now ...hxg3 would win.} (26... hxg3 {is interesting.} 27. Rxg3 Qe6 28. Rgg1 Rd8 29. Kb1 Ne7) 27. gxh4 Nxh4 28. Rxg7+ $2 {[%mdl 8192]} (28. Bd2 $15 Rxe1+ 29. Rxe1) 28... Kxg7 $19 29. Bh6+ Kxh6 30. Rxe4 Qxh3 31. Qxc6 Qf1+ 32. Kd2 Qxf2+ 33. Kd3 Rg8 {Strongly threatening ...Qf3+.} 34. Qc1+ Kh7 35. Qh1 Qg3+ 36. Re3 Qg6+ $2 ({Black should try} 36... Qg5 $19 {aiming for ...Qb5+.} 37. Rh3 Qb5+ {[%mdl 64] Double Attack} 38. Kc2 Rc8+ 39. Rc3 Qf5+ 40. Kc1 Qf4+ 41. Kb1 Rg8) 37. Re4 $1 $11 Qg3+ $2 {[%mdl 8192]} (37... Kg7 $11 38. Qxh4 Rb8) 38. Re3 $19 Qf2 {Hoping for ...Rg2.} 39. Re4 Qf3+ 40. Qxf3 Nxf3 {[%mdl 4096] Endgame KRN-KR} 41. Re7 $2 (41. Rf4 {is the only way for White.} Ng5 42. Rxf6) 41... Kg6 42. Rxa7 Rd8 43. Ra4 Kf5 44. Ke3 Ng5 45. Ra5+ $2 (45. Rc4) 45... Kg4 46. d5 f5 47. Ra4+ Kg3 48. Rd4 {[#]} f4+ $1 49. Ke2 (49. Rxf4 Re8+) 49... f3+ 50. Kf1 Rh8 {Av CentiPawn Loss W=-131/B=-23. Weighted=-119/-31} 0-1

[Event "USA-ch Women 2020"]
[Site "Saint Louis"]
[Date "2020.10.23"]
[Round "9.3"]
[White "Yu, Jennifer"]
[Black "Nguyen, Emily"]
[Result "1/2-1/2"]
[WhiteElo "2315"]
[BlackElo "2280"]
[Annotator "TA"]
[PlyCount "102"]
[EventDate "2020.10.21"]
[EventType "tourn"]
[EventCountry "USA"]
[SourceTitle "playchess.com"]
[Source "ChessBase"]
[SourceQuality "1"]

{[%evp 9,102,9,44,33,40,31,39,21,23,18,19,23,21,2,26,0,22,33,30,27,41,20,27,21,37,16,8,15,35,37,31,21,33,31,28,33,35,32,48,29,39,16,64,55,54,53,110,97,95,89,91,90,117,114,131,57,47,44,52,51,50,0,0,0,36,33,32,43,45,0,0,0,0,0,0,0,0,0,0,0,0,0,0,0,0,0,0,0,0,0,0,0,0,0,0]} 1. c4 c6 2. Nf3 d5 3. e3 Nf6 4. Nc3 a6 5. b3 g6 6. Bb2 {A11: English Opening: 1...c6.} Bg7 7. d4 Bf5 8. Bd3 {White is slightly better.} Bxd3 9. Qxd3 Nbd7 10. O-O O-O {[#]} 11. cxd5 $146 ({Predecessor:} 11. e4 dxe4 12. Nxe4 Qc7 13. Rad1 Rad8 14. Rfe1 Rfe8 15. Qc2 Nxe4 16. Rxe4 Nc5 17. Re2 {1-0 (59) Ortega Ruiz,J (2339)-Rakesh,K (2123) New Delhi 2015}) 11... cxd5 12. Rac1 Rc8 13. Rc2 Nb8 14. Rfc1 Nc6 {[#] Threatens to win with ...Nb4.} 15. a3 Qd6 16. Na4 Ne4 17. Nc5 Nxc5 18. dxc5 Qd7 19. Bxg7 Kxg7 20. Rd1 $36 {[%mdl 2048] Black is under pressure.} Rfd8 21. Rcd2 Qe6 22. Qc3+ Kg8 23. b4 Qe4 24. Nd4 e6 25. Nxc6 Rxc6 26. f3 Qh4 27. e4 {[%cal Re4d5]} Re8 ({Better is} 27... Qg5 $14) 28. exd5 exd5 29. Rxd5 Rce6 {[#] ( -> ...Re1+)} 30. g3 Qe7 31. Rd7 Qg5 32. f4 ({Don't play} 32. Rxb7 $6 Re2 $11) (32. Qd4 $16) 32... Qg4 $14 33. Rd8 h5 34. Rxe8+ Rxe8 35. Re1 Rxe1+ 36. Qxe1 $11 {[%mdl 4096] Endgame KQ-KQ} h4 37. Qe8+ Kg7 38. Qe5+ Kg8 $1 39. Qe3 h3 {The position is equal.} 40. Kf2 Qd1 41. Qe8+ Kg7 42. Qe5+ Kg8 43. Qe2 Qd4+ 44. Kf3 {Hoping for Qe8+.} Qd5+ $1 45. Ke3 Qe6+ 46. Kf2 {Strongly threatening Qxe6.} Qd5 47. Qf3 Qa2+ 48. Kg1 Qa1+ 49. Kf2 Qa2+ 50. Kg1 Qa1+ 51. Kf2 Qa2+ {Av CentiPawn Loss W=-7/B=-7. Weighted=-8/-7} 1/2-1/2

[Event "USA-ch Women 2020"]
[Site "Saint Louis"]
[Date "2020.10.23"]
[Round "9.4"]
[White "Samadashvili, Martha"]
[Black "Foisor, Sabina-Francesca"]
[Result "1/2-1/2"]
[WhiteElo "2215"]
[BlackElo "2228"]
[Annotator "TA"]
[PlyCount "150"]
[EventDate "2020.10.21"]
[EventType "tourn"]
[EventCountry "USA"]
[SourceTitle "playchess.com"]
[Source "ChessBase"]
[SourceQuality "1"]

{[%evp 21,150,39,26,10,44,38,60,45,55,39,60,60,66,60,60,48,49,35,31,24,48,42,60,72,104,102,120,101,137,96,138,86,145,134,145,137,133,131,150,137,147,157,144,131,126,139,204,212,279,271,260,189,201,206,174,185,167,93,93,93,93,84,93,90,90,84,66,85,82,62,138,138,138,57,234,185,329,136,195,149,137,185,482,482,922,900,618,482,482,482,482,393,293,0,8,8,33,8,8,0,0,0,8,0,0,0,0,0,0,0,0,0,0,0,0,0,0,-8,0,0,0,0,0,-8,0,-8,-8,-8,-8,-8,-8]} 1. e4 e5 2. Nf3 Nf6 3. Nxe5 d6 4. Nf3 Nxe4 5. d4 Be7 6. Bd3 d5 7. O-O O-O 8. c4 c6 9. cxd5 cxd5 10. Nc3 Nxc3 11. bxc3 Nc6 {[%cal Bb8c6,Bc6e7,Be7g6][%mdl 32] [#]} 12. Bf4 $146 {C42: Petroff Defence: 3 Nxe5 and unusual White 3rd moves.} ({Predecessor:} 12. h3 Be6 13. Re1 Bf6 14. Ne5 g6 15. Rb1 Qc7 16. Ng4 Bg7 17. Qf3 Bxg4 18. hxg4 Rfe8 19. Rxe8+ Rxe8 {1-0 (35) Thorfinnsson,B (2383)-Ingason,S (1949) Reykjavik 2009}) 12... Bf6 13. h3 Ne7 14. Rb1 {White is slightly better.} b6 15. Qc2 Ng6 16. Bg3 Be6 17. a4 Bd7 18. Qb3 Ne7 19. Ba6 Bc8 20. Bb5 Bf5 21. Rb2 a6 22. Be2 Nc8 23. Ne5 Bxe5 24. Bxe5 Ra7 25. Rd1 Re8 26. Bf3 (26. c4 $142) 26... Be4 (26... Rd7 $142) 27. Bxe4 $16 dxe4 28. Re1 Kh8 29. Qc4 f6 30. Bg3 a5 31. Qc6 Qd7 32. Qxd7 Rxd7 33. f3 Rde7 (33... e3 $16 34. Kf1 Kg8) 34. fxe4 Rxe4 35. Rxe4 Rxe4 $18 {[%mdl 4096] Endgame KRB-KRN} 36. Kf2 Re7 37. Re2 $1 {Threatens to win with d5.} Kg8 38. Rxe7 $1 Nxe7 {KB-KN} 39. Ke2 ({White should play} 39. c4 $18) 39... Kf7 $16 40. Kd3 Ke6 41. c4 Kd7 42. d5 Nf5 43. Bf2 {Strongly threatening g4.} Kc7 44. c5 bxc5 45. Bxc5 g6 {[#]} ({Black should try} 45... Nd6 $14) 46. Bf2 $1 Nd6 47. Be1 (47. Kd4 $16) 47... Nb7 $2 ({Better is} 47... Kb6 $14) 48. Kd4 Kd7 {[#]} (48... f5 $142 49. Ke5 Nc5) 49. Bh4 (49. Kc4 $1 $18 {and the rest is easy.}) 49... g5 (49... f5 $16 50. Be1 Kd6) 50. Be1 $18 h5 51. g4 hxg4 $2 (51... h4 52. Kc4 Ke7) 52. hxg4 Kc7 (52... Nd6 $142 53. Bxa5 f5) 53. Bg3+ Kb6 54. Kc4 Nd8 {If only Black now had time for ...Nf7....} 55. Bf2+ Kc7 {If Black can now play ...Nf7 this consolidates a bit.} 56. Kc5 Nb7+ 57. Kc4 $2 (57. Kb5 $18) 57... Nd6+ 58. Kd4 {Hoping for Bg3.} Nf7 59. Bg3+ Kb6 {The position is equal.} 60. Kc4 Nh6 61. Bf2+ Kc7 62. Be1 Kb6 63. Bf2+ Kb7 64. Kc5 Nxg4 65. Be1 f5 66. Bxa5 f4 67. d6 {Intending d7 and mate.} Nf6 68. Kd4 Kc6 69. Ke5 f3 70. Be1 Nd7+ 71. Ke4 g4 72. Kf4 Nf6 73. Kg5 Ne4+ 74. Kxg4 f2 {[#]} 75. Bxf2 $1 {[%mdl 512]} Nxf2+ {White really could win this. Av CentiPawn Loss W=-20/B=-20. Weighted=-20/-28} 1/2-1/2